Molecular characterization of natural Erwinia pyrifoliae strains deficient in hypersensitive response /

Đã lưu trong:
書目詳細資料
其他作者: Barny, Marie-Anne., Geider, Klaus., Jock, Susanne., Kim, Won-Sik.
格式: Bài viết
語言:English
主題:
標簽: 添加標簽
沒有標簽, 成為第一個標記此記錄!
Thư viện lưu trữ: Thư viện Trường Đại học Đà Lạt
LEADER 00960nam a2200313 4500
001 DLU090092098
005 ##20091201
040 # # |a DLU  |b eng 
041 # # |a eng 
044 # # |a us 
245 # # |a Molecular characterization of natural Erwinia pyrifoliae strains deficient in hypersensitive response /  |c Susanne Jock ... [et al.]. 
653 # # |a Characterization  
653 # # |a Electrophoresis  
653 # # |a Erwinia pyrifoliae  
653 # # |a Tissues  
700 # # |a Barny, Marie-Anne. 
700 # # |a Geider, Klaus. 
700 # # |a Jock, Susanne. 
700 # # |a Kim, Won-Sik. 
773 # # |t Applied and Environmental Microbiology  |g Vol. 69, no. 1 (January 2003), p. 679-682 
920 # # |a Phòng Tạp chí -- Trung tâm Thông tin - Thư viện Trường Đại học Đà Lạt 
994 # # |a DLU 
900 # # |a True 
911 # # |a Trương Bảo Trâm Anh 
925 # # |a G 
926 # # |a A 
927 # # |a BB 
980 # # |a Thư viện Trường Đại học Đà Lạt